| 000 | 00703nam a22002177a 4500 | ||
|---|---|---|---|
| 999 |
_c20130 _d20130 |
||
| 003 | AR-CdUCM | ||
| 008 | 190527b ||||| |||| 00| 0 eng d | ||
| 040 |
_aMUNICIPALIDAD PROVINCIAL DEL CUSCO _cBIBLIOTECA MUNICIPAL DEL CUSCO |
||
| 082 |
_a377.1 / _bA57 |
||
| 100 |
_aAndrews, Gladys _942101 |
||
| 245 |
_aPhysical Education : _bfor today´s boys and girls / |
||
| 260 |
_aBoston : _bAllyn and Bacon, _c1960. |
||
| 300 |
_a431 páginas ; _bIlustraciones, _c26 cm. |
||
| 505 | _aContenido: Psicología. | ||
| 650 |
_a Psicología _91538 |
||
| 650 |
_aEducación _9460 |
||
| 700 |
_aSaurborn, Jeannette _942102 |
||
| 700 |
_aSchneider, Elsa _942103 |
||
| 942 |
_2ddc _cLIBROS |
||
| 945 |
_adavv _d2019-05-27 |
||